Human body - Statistics

General Stats
  • This quiz has been taken 27 times
  • The average score is 9 of 20
Answer Stats
Hint Answer % Correct
what is the largest artery in the human body aorta
86%
what is the largest organ in the humn body skin
86%
which organ monitors the blood glucose levels pancreas
73%
the humerus is a bone in which part of the body arm
68%
which muscle helps you breathe? diaphragm
68%
how many teeth does an adult usually have 32
64%
what tube carries food to the stomach esophagus
64%
which system controls hormones endocrin
55%
which hormone regulates sleep melatonin
50%
what connects muscles to the bones tendons
50%
what red blood cells are primarly composed of haemoglobin
41%
what part of the brain controls balance cerebellum
32%
what is the name of the upper jawbone maxilla
27%
which part of the body has the most sweat glands feet
23%
which blood type is a universal recipient (with rhesus) AB positive
18%
what glands produce tears lacrimal
18%
what is the main function of the small intestine absorption
14%
what is the medical term for blood poisoning septicemia
14%
what is the hardest substance in the human body tooth enamel
14%
which nerve helps controls the heart rate and digestion vagus nerve
9%
No matching quizzes found
Score Distribution
Percent of People with Each Score
Percentile by Number Answered
Your Score History
You have not taken this quiz